<Der> Haushalt der Europäischen Union
Na minha lista:
| Formato: | Livro |
|---|---|
| Idioma: | alemão |
| Publicado em: |
Luxembourg
Amt für amtliche Veröffentlichungen der Europäischen Gemeinschaften
1994
|
| Edição: | 1. Aufl. |
| Colecção: | Europa in Bewegung
|
| Assuntos: | |
| Tags: |
Sem tags, seja o primeiro a adicionar uma tag!
|
MARC
| LEADER | 00000nam a2200000 4500 | ||
|---|---|---|---|
| 001 | c017239 | ||
| 005 | 20221205140605.6 | ||
| 020 | |a 92-826-7486-X | ||
| 041 | 0 | |a ger | |
| 044 | |a LU | ||
| 245 | 1 | 0 | |a <Der> Haushalt der Europäischen Union |
| 250 | |a 1. Aufl. | ||
| 264 | 1 | |a Luxembourg |b Amt für amtliche Veröffentlichungen der Europäischen Gemeinschaften |c 1994 | |
| 300 | |a 8 s. | ||
| 490 | 1 | |a Europa in Bewegung | |
| 830 | 0 | |a Europa in Bewegung | |
| 610 | 2 | 0 | |a Európska únia |
| 610 | 2 | 0 | |a rozpočet kapitálový |
| 610 | 2 | 0 | |a náklady transakčné |
| 610 | 2 | 0 | |a výdavky |
| 610 | 2 | 0 | |a financie štátne |
| 610 | 2 | 0 | |a financie verejné |
| 610 | 2 | 0 | |a financovanie |